Top 10 RBs of All Time - Statistics

General Stats
  • This quiz has been taken 36 times
  • The average score is 7 of 10
Answer Stats
Running Back % Correct
Barry Sanders
93%
Emmitt Smith
93%
Walter Payton
86%
Jim Brown
83%
Adrian Peterson
72%
Eric Dickerson
69%
LaDanian Tomlinson
66%
Marshall Faulk
66%
O.J. Simpson
48%
Tony Dorsett
41%
No matching quizzes found
Score Distribution
Percent of People with Each Score
Percentile by Number Answered
Your Score History
You have not taken this quiz